header

OpenSceneGraph 3 cookbook (Record no. 136899)

MARC details
000 -LEADER
fixed length control field 01136nam a2200301Ia 4500
100 1# - MAIN ENTRY--AUTHOR NAME
Personal name Wang, Rui.
245 10 - TITLE STATEMENT
Title OpenSceneGraph 3 cookbook
260 ## - PUBLICATION, DISTRIBUTION, ETC. (IMPRINT)
Place of publication Birmingham, U.K. :
Name of publisher Packt Pub.,
Year of publication 2012.
300 ## - PHYSICAL DESCRIPTION
Number of Pages 410 p. :
Other physical details ill.
500 ## - GENERAL NOTE
General note Includes index.
650 #0 - SUBJECT ADDED ENTRY--TOPICAL TERM
Topical Term Application program interfaces (Computer software)
Topical Term Virtual reality
700 1# - ADDED ENTRY--PERSONAL NAME
Personal name Qian, Xuelei.
856 40 - ELECTRONIC LOCATION AND ACCESS
Uniform Resource Identifier http://site.ebrary.com/lib/rucke/Doc?id=10547159

No items available.

© 2026 Rongo University
Contact us: librarian | system librarian | Rongo university